000 00348 a2200133 4500
001 29561
082 _a510.7834 WAT
090 _c19703
_d19703
100 _aWatter J
245 _aA guide of Fortran Programming
_cWalters John
260 _aLondon
_bHeinmann, London
_c1968
300 _a365 p.
_borigional
500 _aBE textbook H & S Dept
942 _aNUST-CAE
_k510.7834 WAT
999 _c264634
_d264634